[Event "DEM U16 2024"]
[Site "Willingen GER"]
[Date "2024.05.22"]
[Round "6"]
[White "Bräutigam, Alexander"]
[Black "von Mettenheim, Johannes"]
[Result "0-1"]
[Termination "normal"]
[Board "1"]
[WhiteElo "2134"]
[BlackElo "2293"]
[WhiteClock "00:22:01"]
[BlackClock "00:36:10"]
[PlyCount "96"]
[WhiteFideId "16245210"]
[BlackFideId "16244818"]
[EventCountry "GER"]
[EventRounds "9"]
[EventType "swiss"]
[EventDate "2024.05.18"]

1. d4 {[%clk 01:30:57]} {[%emt 00:00:02]} Nf6 {[%clk 01:30:55]} {[%emt
00:00:06]} 2. c4 {[%clk 01:31:22]} {[%emt 00:00:05]} e6 {[%clk 01:31:22]}
{[%emt 00:00:03]} 3. Nf3 {[%clk 01:31:45]} {[%emt 00:00:07]} d5 {[%clk
01:30:14]} {[%emt 00:01:37]} 4. Nc3 {[%clk 01:32:07]} {[%emt 00:00:09]} Bb4
{[%clk 01:30:39]} {[%emt 00:00:05]} 5. Bg5 {[%clk 01:32:28]} {[%emt 00:00:08]}
h6 {[%clk 01:31:01]} {[%emt 00:00:09]} 6. Bxf6 {[%clk 01:32:51]} {[%emt
00:00:07]} Qxf6 {[%clk 01:31:26]} {[%emt 00:00:05]} 7. e3 {[%clk 01:32:20]}
{[%emt 00:01:00]} c5 {[%clk 01:31:12]} {[%emt 00:00:45]} 8. cxd5 {[%clk
01:32:02]} {[%emt 00:00:48]} exd5 {[%clk 01:31:37]} {[%emt 00:00:05]} 9. Bb5+
{[%clk 01:32:19]} {[%emt 00:00:13]} Bd7 {[%clk 01:31:53]} {[%emt 00:00:14]} 10.
Bxd7+ {[%clk 01:32:36]} {[%emt 00:00:14]} Nxd7 {[%clk 01:32:16]} {[%emt
00:00:06]} 11. a3 {[%clk 01:32:45]} {[%emt 00:00:22]} Bxc3+ {[%clk 01:31:52]}
{[%emt 00:00:52]} 12. bxc3 {[%clk 01:33:10]} {[%emt 00:00:06]} O-O {[%clk
01:31:41]} {[%emt 00:00:41]} 13. Qb3 {[%clk 01:33:12]} {[%emt 00:00:28]} Qc6
{[%clk 01:31:52]} {[%emt 00:00:19]} 14. Rb1 {[%clk 01:33:26]} {[%emt 00:00:16]}
b6 {[%clk 01:13:45]} {[%emt 00:18:37]} 15. O-O {[%clk 01:29:47]} {[%emt
00:04:08]} Rac8 {[%clk 01:13:57]} {[%emt 00:00:19]} 16. c4 {[%clk 01:28:38]}
{[%emt 00:01:38]} dxc4 {[%clk 01:13:55]} {[%emt 00:00:32]} 17. Qxc4 {[%clk
01:29:00]} {[%emt 00:00:09]} cxd4 {[%clk 01:12:36]} {[%emt 00:01:49]} 18. Qxd4
{[%clk 01:28:37]} {[%emt 00:00:53]} Nf6 {[%clk 01:09:20]} {[%emt 00:03:46]} 19.
Rfd1 {[%clk 01:15:51]} {[%emt 00:13:15]} Rfe8 {[%clk 01:06:08]} {[%emt
00:03:42]} 20. Qd3 {[%clk 01:07:29]} {[%emt 00:08:48]} Ne4 {[%clk 00:59:47]}
{[%emt 00:06:55]} 21. Rb4 {[%clk 00:54:02]} {[%emt 00:13:54]} Qc2 {[%clk
00:51:44]} {[%emt 00:08:36]} 22. Qxc2 {[%clk 00:47:45]} {[%emt 00:06:48]} Rxc2
{[%clk 00:51:39]} {[%emt 00:00:35]} 23. Rf1 {[%clk 00:42:42]} {[%emt 00:05:31]}
Ra2 {[%clk 00:49:36]} {[%emt 00:02:35]} 24. a4 {[%clk 00:32:05]} {[%emt
00:11:06]} Nc3 {[%clk 00:48:30]} {[%emt 00:01:36]} 25. g4 {[%clk 00:32:14]}
{[%emt 00:00:20]} Re4 {[%clk 00:42:12]} {[%emt 00:06:49]} 26. Rxe4 {[%clk
00:29:18]} {[%emt 00:03:26]} Nxe4 {[%clk 00:42:39]} {[%emt 00:00:03]} 27. Ne5
{[%clk 00:27:07]} {[%emt 00:02:40]} Nc3 {[%clk 00:35:28]} {[%emt 00:07:42]} 28.
Kg2 {[%clk 00:24:48]} {[%emt 00:02:41]} f6 {[%clk 00:32:00]} {[%emt 00:04:06]}
29. Nc6 {[%clk 00:21:39]} {[%emt 00:03:36]} Rxa4 {[%clk 00:32:25]} {[%emt
00:00:09]} 30. Kf3 {[%clk 00:20:59]} {[%emt 00:01:05]} a5 {[%clk 00:21:29]}
{[%emt 00:11:31]} 31. Rc1 {[%clk 00:20:38]} {[%emt 00:00:48]} Ra3 {[%clk
00:20:22]} {[%emt 00:01:39]} 32. Rc2 {[%clk 00:20:36]} {[%emt 00:00:32]} Na4
{[%clk 00:16:14]} {[%emt 00:04:38]} 33. Ne7+ {[%clk 00:19:59]} {[%emt
00:01:06]} Kh7 {[%clk 00:11:10]} {[%emt 00:05:35]} 34. Rc7 {[%clk 00:20:06]}
{[%emt 00:00:23]} b5 {[%clk 00:11:01]} {[%emt 00:00:39]} 35. Nf5 {[%clk
00:20:14]} {[%emt 00:00:21]} b4 {[%clk 00:11:11]} {[%emt 00:00:21]} 36. Nxg7
{[%clk 00:18:46]} {[%emt 00:01:58]} Rc3 {[%clk 00:07:29]} {[%emt 00:04:12]} 37.
Ra7 {[%clk 00:17:31]} {[%emt 00:01:44]} b3 {[%clk 00:06:53]} {[%emt 00:01:07]}
38. Nh5+ {[%clk 00:04:42]} {[%emt 00:13:19]} Kg8 {[%clk 00:07:17]} {[%emt
00:00:05]} 39. Nxf6+ {[%clk 00:03:36]} {[%emt 00:01:38]} Kf8 {[%clk 00:07:44]}
{[%emt 00:00:03]} 40. Ne4 {[%clk 00:02:19]} {[%emt 00:01:46]} b2 {[%clk
00:04:04]} {[%emt 00:04:10]} 41. Nxc3 {[%clk 00:21:06]} {[%emt 00:11:43]} Nxc3
{[%clk 00:34:25]} {[%emt 00:00:09]} 42. Rb7 {[%clk 00:21:13]} {[%emt 00:00:22]}
b1=Q {[%clk 00:34:49]} {[%emt 00:00:06]} 43. Rxb1 {[%clk 00:21:42]} {[%emt
00:00:02]} Nxb1 {[%clk 00:35:17]} {[%emt 00:00:01]} 44. Ke2 {[%clk 00:22:03]}
{[%emt 00:00:09]} Nc3+ {[%clk 00:35:17]} {[%emt 00:00:31]} 45. Kd3 {[%clk
00:22:11]} {[%emt 00:00:20]} Nd1 {[%clk 00:35:18]} {[%emt 00:00:30]} 46. f3
{[%clk 00:22:17]} {[%emt 00:00:25]} a4 {[%clk 00:35:23]} {[%emt 00:00:24]} 47.
e4 {[%clk 00:21:46]} {[%emt 00:01:03]} a3 {[%clk 00:35:42]} {[%emt 00:00:11]}
48. Kc2 {[%clk 00:22:01]} {[%emt 00:00:11]} a2 {[%clk 00:36:10]} {[%emt
00:00:05]} 0-1

[Event "DEM U16 2024"]
[Site "Willingen GER"]
[Date "2024.05.22"]
[Round "6"]
[White "Klaska, Philipp Leon"]
[Black "Sauer, Tim"]
[Result "1/2-1/2"]
[Termination "normal"]
[Board "2"]
[WhiteElo "2142"]
[BlackElo "2053"]
[WhiteClock "00:17:23"]
[BlackClock "00:11:22"]
[PlyCount "41"]
[WhiteFideId "16238044"]
[BlackFideId "16265726"]
[EventCountry "GER"]
[EventRounds "9"]
[EventType "swiss"]
[EventDate "2024.05.18"]

1. e4 {[%clk 01:30:50]} {[%emt 00:00:09]} c5 {[%clk 01:30:54]} {[%emt
00:00:08]} 2. Nf3 {[%clk 01:31:12]} {[%emt 00:00:08]} e6 {[%clk 01:31:12]}
{[%emt 00:00:11]} 3. d4 {[%clk 01:20:16]} {[%emt 00:11:27]} cxd4 {[%clk
01:31:37]} {[%emt 00:00:05]} 4. Nxd4 {[%clk 01:20:42]} {[%emt 00:00:04]} Nc6
{[%clk 01:31:47]} {[%emt 00:00:20]} 5. Nb3 {[%clk 01:15:22]} {[%emt 00:05:50]}
Nf6 {[%clk 01:26:33]} {[%emt 00:05:44]} 6. Bd3 {[%clk 01:15:21]} {[%emt
00:00:32]} d5 {[%clk 01:10:26]} {[%emt 00:16:36]} 7. exd5 {[%clk 01:08:58]}
{[%emt 00:06:54]} Qxd5 {[%clk 01:09:08]} {[%emt 00:01:47]} 8. O-O {[%clk
01:07:11]} {[%emt 00:02:16]} Be7 {[%clk 01:09:29]} {[%emt 00:00:10]} 9. Nc3
{[%clk 01:02:16]} {[%emt 00:05:25]} Qd6 {[%clk 01:07:36]} {[%emt 00:02:22]} 10.
Be3 {[%clk 00:58:41]} {[%emt 00:04:05]} O-O {[%clk 01:07:14]} {[%emt 00:00:52]}
11. Bc5 {[%clk 00:55:50]} {[%emt 00:03:22]} Qd8 {[%clk 01:00:19]} {[%emt
00:07:24]} 12. Qd2 {[%clk 00:40:15]} {[%emt 00:16:05]} Bxc5 {[%clk 00:41:43]}
{[%emt 00:19:07]} 13. Nxc5 {[%clk 00:40:42]} {[%emt 00:00:02]} b6 {[%clk
00:41:59]} {[%emt 00:00:14]} 14. N5e4 {[%clk 00:35:14]} {[%emt 00:05:58]} Nxe4
{[%clk 00:35:50]} {[%emt 00:06:40]} 15. Nxe4 {[%clk 00:35:39]} {[%emt
00:00:04]} Ne5 {[%clk 00:22:27]} {[%emt 00:13:54]} 16. Be2 {[%clk 00:30:24]}
{[%emt 00:05:45]} Qxd2 {[%clk 00:18:39]} {[%emt 00:04:17]} 17. Nxd2 {[%clk
00:30:51]} {[%emt 00:00:03]} Bb7 {[%clk 00:17:11]} {[%emt 00:01:59]} 18. f4
{[%clk 00:20:49]} {[%emt 00:10:31]} Rfd8 {[%clk 00:16:29]} {[%emt 00:01:12]}
19. Rad1 {[%clk 00:20:12]} {[%emt 00:01:06]} Ng6 {[%clk 00:15:16]} {[%emt
00:01:44]} 20. Bd3 {[%clk 00:19:20]} {[%emt 00:01:21]} Rd4 {[%clk 00:11:22]}
{[%emt 00:04:25]} 21. g3 {[%clk 00:17:23]} {[%emt 00:02:27]} 1/2-1/2

[Event "DEM U16 2024"]
[Site "Willingen GER"]
[Date "2024.05.22"]
[Round "6"]
[White "Haubold, Sebastian"]
[Black "Semling, Julius"]
[Result "0-1"]
[Termination "normal"]
[Board "3"]
[WhiteElo "2127"]
[BlackElo "2204"]
[WhiteClock "00:01:15"]
[BlackClock "00:01:01"]
[PlyCount "62"]
[WhiteFideId "16259637"]
[BlackFideId "16290160"]
[EventCountry "GER"]
[EventRounds "9"]
[EventType "swiss"]
[EventDate "2024.05.18"]

1. e4 {[%clk 01:30:56]} {[%emt 00:00:03]} c5 {[%clk 01:30:52]} {[%emt
00:00:08]} 2. Nf3 {[%clk 01:31:10]} {[%emt 00:00:17]} d6 {[%clk 01:31:10]}
{[%emt 00:00:11]} 3. d4 {[%clk 01:31:20]} {[%emt 00:00:20]} cxd4 {[%clk
01:31:27]} {[%emt 00:00:12]} 4. Nxd4 {[%clk 01:31:36]} {[%emt 00:00:15]} Nf6
{[%clk 01:31:48]} {[%emt 00:00:09]} 5. Nc3 {[%clk 01:31:52]} {[%emt 00:00:14]}
Nc6 {[%clk 01:32:11]} {[%emt 00:00:07]} 6. Bc4 {[%clk 01:32:03]} {[%emt
00:00:19]} e6 {[%clk 01:31:05]} {[%emt 00:01:36]} 7. Bb3 {[%clk 01:32:27]}
{[%emt 00:00:07]} Bd7 {[%clk 01:30:26]} {[%emt 00:01:09]} 8. Be3 {[%clk
01:30:36]} {[%emt 00:02:21]} Nxd4 {[%clk 01:29:47]} {[%emt 00:01:09]} 9. Qxd4
{[%clk 01:24:27]} {[%emt 00:06:38]} Be7 {[%clk 01:29:52]} {[%emt 00:00:24]} 10.
O-O-O {[%clk 01:21:55]} {[%emt 00:03:03]} O-O {[%clk 01:30:15]} {[%emt
00:00:08]} 11. Bg5 {[%clk 01:16:32]} {[%emt 00:05:51]} Bc6 {[%clk 01:27:39]}
{[%emt 00:03:07]} 12. f3 {[%clk 01:11:27]} {[%emt 00:05:36]} a5 {[%clk
01:19:21]} {[%emt 00:08:48]} 13. a4 {[%clk 00:59:12]} {[%emt 00:12:44]} Qe8
{[%clk 01:05:53]} {[%emt 00:13:58]} 14. h4 {[%clk 00:47:13]} {[%emt 00:12:29]}
b5 {[%clk 00:58:07]} {[%emt 00:08:16]} 15. axb5 {[%clk 00:46:57]} {[%emt
00:00:46]} Bxb5 {[%clk 00:57:50]} {[%emt 00:00:47]} 16. Nxb5 {[%clk 00:45:43]}
{[%emt 00:01:45]} Qxb5 {[%clk 00:58:12]} {[%emt 00:00:08]} 17. Qa4 {[%clk
00:45:13]} {[%emt 00:00:59]} Qc5 {[%clk 00:54:15]} {[%emt 00:04:27]} 18. Rd3
{[%clk 00:38:32]} {[%emt 00:07:11]} Rfb8 {[%clk 00:51:48]} {[%emt 00:02:56]}
19. Be3 {[%clk 00:38:15]} {[%emt 00:00:47]} Qc7 {[%clk 00:48:44]} {[%emt
00:03:33]} 20. Rc3 {[%clk 00:36:55]} {[%emt 00:01:52]} Qd8 {[%clk 00:47:53]}
{[%emt 00:01:21]} 21. Ba2 {[%clk 00:20:24]} {[%emt 00:17:01]} Nd7 {[%clk
00:41:34]} {[%emt 00:06:49]} 22. Rd1 {[%clk 00:14:32]} {[%emt 00:06:22]} Ne5
{[%clk 00:28:14]} {[%emt 00:13:50]} 23. Qa3 {[%clk 00:09:27]} {[%emt 00:05:35]}
Rb4 {[%clk 00:20:54]} {[%emt 00:07:50]} 24. Bd4 {[%clk 00:07:37]} {[%emt
00:02:21]} Qe8 {[%clk 00:16:22]} {[%emt 00:05:01]} 25. Bb3 {[%clk 00:06:38]}
{[%emt 00:01:29]} Qb5 {[%clk 00:11:39]} {[%emt 00:05:13]} 26. Rc7 {[%clk
00:05:12]} {[%emt 00:01:56]} Bf8 {[%clk 00:03:59]} {[%emt 00:08:10]} 27. Bc3
{[%clk 00:05:40]} Qb8 {[%clk 00:03:56]} {[%emt 00:00:34]} 28. f4 {[%clk
00:05:13]} {[%emt 00:00:57]} Ng4 {[%clk 00:03:11]} {[%emt 00:01:15]} 29. Rd7
{[%clk 00:02:57]} {[%emt 00:02:46]} Rxe4 {[%clk 00:02:26]} {[%emt 00:01:15]}
30. Bxa5 {[%clk 00:01:58]} {[%emt 00:01:29]} d5 {[%clk 00:00:56]} {[%emt
00:01:59]} 31. Qa2 {[%clk 00:01:15]} {[%emt 00:01:14]} Qb5 {[%clk 00:01:01]}
{[%emt 00:00:23]} 0-1

[Event "DEM U16 2024"]
[Site "Willingen GER"]
[Date "2024.05.22"]
[Round "6"]
[White "Sommer, Justus"]
[Black "Strehse, Nelson"]
[Result "1/2-1/2"]
[Termination "normal"]
[Board "4"]
[WhiteElo "2069"]
[BlackElo "2156"]
[WhiteClock "00:34:01"]
[BlackClock "00:39:09"]
[PlyCount "57"]
[WhiteFideId "16245008"]
[BlackFideId "16228898"]
[EventCountry "GER"]
[EventRounds "9"]
[EventType "swiss"]
[EventDate "2024.05.18"]

1. e4 {[%clk 01:30:56]} {[%emt 00:00:03]} c5 {[%clk 01:30:55]} {[%emt
00:00:06]} 2. Nf3 {[%clk 01:31:18]} {[%emt 00:00:06]} e6 {[%clk 01:31:22]}
{[%emt 00:00:05]} 3. d4 {[%clk 01:30:59]} {[%emt 00:00:49]} cxd4 {[%clk
01:31:48]} {[%emt 00:00:04]} 4. Nxd4 {[%clk 01:31:23]} {[%emt 00:00:06]} Nc6
{[%clk 01:32:13]} {[%emt 00:00:05]} 5. Nc3 {[%clk 01:30:48]} {[%emt 00:01:05]}
Qc7 {[%clk 01:32:37]} {[%emt 00:00:06]} 6. g3 {[%clk 01:27:57]} {[%emt
00:03:19]} a6 {[%clk 01:33:01]} {[%emt 00:00:07]} 7. Bg2 {[%clk 01:27:29]}
{[%emt 00:00:57]} Nf6 {[%clk 01:33:26]} {[%emt 00:00:07]} 8. O-O {[%clk
01:25:25]} {[%emt 00:02:33]} Nxd4 {[%clk 01:33:40]} {[%emt 00:00:17]} 9. Qxd4
{[%clk 01:25:48]} {[%emt 00:00:05]} Bc5 {[%clk 01:34:04]} {[%emt 00:00:07]} 10.
Bf4 {[%clk 01:22:01]} {[%emt 00:04:17]} d6 {[%clk 01:34:18]} {[%emt 00:00:17]}
11. Qd3 {[%clk 01:21:06]} {[%emt 00:01:24]} h6 {[%clk 01:27:35]} {[%emt
00:07:14]} 12. Na4 {[%clk 01:11:40]} {[%emt 00:09:55]} e5 {[%clk 01:25:03]}
{[%emt 00:03:02]} 13. Be3 {[%clk 01:07:40]} {[%emt 00:04:30]} Bxe3 {[%clk
01:23:34]} {[%emt 00:01:59]} 14. Qxe3 {[%clk 01:07:22]} {[%emt 00:00:48]} Be6
{[%clk 01:22:35]} {[%emt 00:01:29]} 15. Nb6 {[%clk 00:59:23]} {[%emt 00:08:28]}
Rd8 {[%clk 01:21:03]} {[%emt 00:02:04]} 16. c4 {[%clk 00:58:49]} {[%emt
00:01:03]} Qc5 {[%clk 01:13:12]} {[%emt 00:08:21]} 17. Qxc5 {[%clk 00:57:20]}
{[%emt 00:01:59]} dxc5 {[%clk 01:13:41]} {[%emt 00:00:02]} 18. Nd5 {[%clk
00:57:18]} {[%emt 00:00:30]} Bxd5 {[%clk 01:13:59]} {[%emt 00:00:14]} 19. cxd5
{[%clk 00:56:22]} {[%emt 00:01:22]} Ke7 {[%clk 01:09:02]} {[%emt 00:05:29]} 20.
f4 {[%clk 00:54:59]} {[%emt 00:01:54]} Nd7 {[%clk 01:07:20]} {[%emt 00:02:12]}
21. Bh3 {[%clk 00:52:55]} {[%emt 00:02:33]} Kd6 {[%clk 01:06:31]} {[%emt
00:01:19]} 22. Kf2 {[%clk 00:47:14]} {[%emt 00:06:11]} Rhe8 {[%clk 01:05:21]}
{[%emt 00:01:41]} 23. Bxd7 {[%clk 00:42:06]} {[%emt 00:05:39]} Rxd7 {[%clk
01:05:41]} {[%emt 00:00:09]} 24. f5 {[%clk 00:41:31]} {[%emt 00:01:04]} f6
{[%clk 01:05:30]} {[%emt 00:00:43]} 25. Kf3 {[%clk 00:39:56]} {[%emt 00:02:04]}
Rc8 {[%clk 01:04:27]} {[%emt 00:01:33]} 26. Rfc1 {[%clk 00:38:57]} {[%emt
00:01:29]} c4 {[%clk 01:03:04]} {[%emt 00:01:54]} 27. Rc3 {[%clk 00:36:37]}
{[%emt 00:02:47]} Rdc7 {[%clk 00:57:57]} {[%emt 00:05:39]} 28. Ke3 {[%clk
00:33:50]} {[%emt 00:03:17]} b5 {[%clk 00:39:09]} {[%emt 00:19:18]} 29. a3
{[%clk 00:34:01]} {[%emt 00:00:19]} 1/2-1/2

[Event "DEM U16 2024"]
[Site "Willingen GER"]
[Date "2024.05.22"]
[Round "6"]
[White "Jahnz, Laurin"]
[Black "Lutze, Max"]
[Result "0-1"]
[Termination "normal"]
[Board "5"]
[WhiteElo "2202"]
[BlackElo "2054"]
[WhiteClock "01:01:53"]
[BlackClock "01:01:30"]
[PlyCount "54"]
[WhiteFideId "16261089"]
[BlackFideId "34614850"]
[EventCountry "GER"]
[EventRounds "9"]
[EventType "swiss"]
[EventDate "2024.05.18"]

1. e4 {[%clk 01:30:58]} {[%emt 00:00:01]} c5 {[%clk 01:30:54]} {[%emt
00:00:06]} 2. Nf3 {[%clk 01:31:24]} {[%emt 00:00:03]} g6 {[%clk 01:31:19]}
{[%emt 00:00:05]} 3. c3 {[%clk 01:31:50]} {[%emt 00:00:04]} Bg7 {[%clk
01:31:31]} {[%emt 00:00:19]} 4. d4 {[%clk 01:31:57]} {[%emt 00:00:23]} d5
{[%clk 01:30:10]} {[%emt 00:01:51]} 5. exd5 {[%clk 01:32:00]} {[%emt 00:00:28]}
cxd4 {[%clk 01:28:45]} {[%emt 00:01:54]} 6. cxd4 {[%clk 01:31:02]} {[%emt
00:01:28]} Nf6 {[%clk 01:28:05]} {[%emt 00:01:09]} 7. Bb5+ {[%clk 01:29:18]}
{[%emt 00:02:14]} Nbd7 {[%clk 01:26:54]} {[%emt 00:01:42]} 8. Nc3 {[%clk
01:27:54]} {[%emt 00:01:54]} O-O {[%clk 01:25:54]} {[%emt 00:01:29]} 9. d6
{[%clk 01:24:31]} {[%emt 00:03:53]} exd6 {[%clk 01:24:21]} {[%emt 00:02:03]}
10. O-O {[%clk 01:23:23]} {[%emt 00:01:37]} a6 {[%clk 01:23:32]} {[%emt
00:01:19]} 11. Bd3 {[%clk 01:19:23]} {[%emt 00:04:30]} b5 {[%clk 01:23:34]}
{[%emt 00:00:29]} 12. Bf4 {[%clk 01:15:55]} {[%emt 00:03:58]} Nb6 {[%clk
01:23:25]} {[%emt 00:00:38]} 13. h3 {[%clk 01:14:04]} {[%emt 00:02:20]} Bb7
{[%clk 01:22:04]} {[%emt 00:01:52]} 14. Re1 {[%clk 01:12:59]} {[%emt 00:01:35]}
Qd7 {[%clk 01:19:42]} {[%emt 00:02:52]} 15. Ne4 {[%clk 01:10:24]} {[%emt
00:03:05]} Nxe4 {[%clk 01:17:14]} {[%emt 00:02:58]} 16. Bxe4 {[%clk 01:10:49]}
{[%emt 00:00:05]} Bxe4 {[%clk 01:17:13]} {[%emt 00:00:31]} 17. Rxe4 {[%clk
01:11:14]} {[%emt 00:00:05]} Qf5 {[%clk 01:17:11]} {[%emt 00:00:32]} 18. Nd2
{[%clk 01:08:14]} {[%emt 00:03:30]} d5 {[%clk 01:15:33]} {[%emt 00:02:09]} 19.
g4 {[%clk 01:08:33]} {[%emt 00:00:10]} Qd7 {[%clk 01:14:07]} {[%emt 00:01:55]}
20. Re3 {[%clk 01:07:58]} {[%emt 00:01:06]} Bxd4 {[%clk 01:12:27]} {[%emt
00:02:10]} 21. Rg3 {[%clk 01:08:21]} {[%emt 00:00:07]} Bxb2 {[%clk 01:11:53]}
{[%emt 00:01:03]} 22. Rb1 {[%clk 01:08:48]} {[%emt 00:00:03]} Bg7 {[%clk
01:12:08]} {[%emt 00:00:15]} 23. Nf3 {[%clk 01:08:03]} {[%emt 00:01:15]} Rfe8
{[%clk 01:07:34]} {[%emt 00:05:05]} 24. Kg2 {[%clk 01:04:38]} {[%emt 00:03:55]}
Na4 {[%clk 01:07:05]} {[%emt 00:00:59]} 25. Bd2 {[%clk 01:02:23]} {[%emt
00:02:44]} Rac8 {[%clk 01:03:54]} {[%emt 00:03:41]} 26. h4 {[%clk 01:02:01]}
{[%emt 00:00:52]} Nc5 {[%clk 01:02:46]} {[%emt 00:01:38]} 27. Nh2 {[%clk
01:01:53]} {[%emt 00:00:38]} Ne4 {[%clk 01:01:30]} {[%emt 00:01:46]} 0-1

[Event "DEM U16 2024"]
[Site "Willingen GER"]
[Date "2024.05.22"]
[Round "6"]
[White "Deschler, Arne"]
[Black "Torosyan, Bagrat"]
[Result "1-0"]
[Termination "normal"]
[Board "6"]
[WhiteElo "1989"]
[BlackElo "2115"]
[WhiteClock "00:25:21"]
[BlackClock "00:10:58"]
[PlyCount "77"]
[WhiteFideId "16274415"]
[BlackFideId "16258134"]
[EventCountry "GER"]
[EventRounds "9"]
[EventType "swiss"]
[EventDate "2024.05.18"]

1. e4 {[%clk 01:30:59]} c5 {[%clk 01:30:55]} {[%emt 00:00:05]} 2. Nf3 {[%clk
01:31:25]} {[%emt 00:00:04]} e6 {[%clk 01:31:22]} {[%emt 00:00:03]} 3. d4
{[%clk 01:31:51]} {[%emt 00:00:04]} cxd4 {[%clk 01:31:49]} {[%emt 00:00:03]} 4.
Nxd4 {[%clk 01:32:18]} {[%emt 00:00:04]} Nc6 {[%clk 01:32:13]} {[%emt
00:00:05]} 5. Nc3 {[%clk 01:32:44]} {[%emt 00:00:04]} Qc7 {[%clk 01:32:37]}
{[%emt 00:00:05]} 6. f4 {[%clk 01:32:39]} {[%emt 00:00:28]} a6 {[%clk
01:32:52]} {[%emt 00:00:21]} 7. Nxc6 {[%clk 01:33:05]} {[%emt 00:00:05]} Qxc6
{[%clk 01:33:05]} {[%emt 00:00:18]} 8. Bd3 {[%clk 01:33:26]} {[%emt 00:00:08]}
b5 {[%clk 01:33:16]} {[%emt 00:00:19]} 9. Qe2 {[%clk 01:33:51]} {[%emt
00:00:05]} Bb7 {[%clk 01:32:58]} {[%emt 00:00:48]} 10. Bd2 {[%clk 01:34:05]}
{[%emt 00:00:17]} Bc5 {[%clk 01:32:51]} {[%emt 00:00:36]} 11. O-O-O {[%clk
01:34:24]} {[%emt 00:00:12]} Ne7 {[%clk 01:32:47]} {[%emt 00:00:34]} 12. a3
{[%clk 01:34:50]} {[%emt 00:00:05]} O-O {[%clk 01:31:16]} {[%emt 00:02:00]} 13.
h4 {[%clk 01:34:41]} {[%emt 00:00:39]} Qc7 {[%clk 01:19:30]} {[%emt 00:12:15]}
14. h5 {[%clk 01:30:36]} {[%emt 00:04:35]} d5 {[%clk 01:17:23]} {[%emt
00:02:37]} 15. e5 {[%clk 01:26:33]} {[%emt 00:04:34]} Nf5 {[%clk 01:15:37]}
{[%emt 00:02:15]} 16. Rh3 {[%clk 01:20:55]} {[%emt 00:06:08]} b4 {[%clk
01:10:57]} {[%emt 00:05:11]} 17. axb4 {[%clk 01:20:24]} {[%emt 00:01:01]} Bxb4
{[%clk 01:11:11]} {[%emt 00:00:15]} 18. Nxd5 {[%clk 01:15:46]} {[%emt
00:05:08]} Bxd2+ {[%clk 00:57:08]} {[%emt 00:14:33]} 19. Rxd2 {[%clk 01:12:30]}
{[%emt 00:03:47]} Qa5 {[%clk 00:56:59]} {[%emt 00:00:38]} 20. Nc3 {[%clk
01:11:17]} {[%emt 00:01:43]} Qa1+ {[%clk 00:55:35]} {[%emt 00:01:53]} 21. Nb1
{[%clk 01:11:47]} {[%emt 00:00:02]} Bd5 {[%clk 00:54:18]} {[%emt 00:01:47]} 22.
Bxf5 {[%clk 01:11:18]} {[%emt 00:00:58]} Ba2 {[%clk 00:54:37]} {[%emt
00:00:11]} 23. Bxh7+ {[%clk 01:07:16]} {[%emt 00:04:32]} Kxh7 {[%clk 00:54:59]}
{[%emt 00:00:09]} 24. Qe4+ {[%clk 01:07:00]} {[%emt 00:00:46]} Kh8 {[%clk
00:51:22]} {[%emt 00:04:07]} 25. c3 {[%clk 01:03:39]} {[%emt 00:03:51]} Rfd8
{[%clk 00:47:00]} {[%emt 00:04:51]} 26. Rxd8+ {[%clk 00:56:27]} {[%emt
00:07:42]} Rxd8 {[%clk 00:47:27]} {[%emt 00:00:02]} 27. Rh1 {[%clk 00:55:26]}
{[%emt 00:01:31]} Rb8 {[%clk 00:45:53]} {[%emt 00:02:04]} 28. Qc2 {[%clk
00:55:04]} {[%emt 00:00:52]} a5 {[%clk 00:45:31]} {[%emt 00:00:53]} 29. Re1
{[%clk 00:47:08]} {[%emt 00:08:25]} a4 {[%clk 00:44:13]} {[%emt 00:01:49]} 30.
Re4 {[%clk 00:33:14]} {[%emt 00:14:25]} Bb3 {[%clk 00:29:28]} {[%emt 00:15:14]}
31. Qd3 {[%clk 00:32:18]} {[%emt 00:01:26]} g6 {[%clk 00:12:36]} {[%emt
00:17:21]} 32. hxg6 {[%clk 00:30:42]} {[%emt 00:02:05]} Kg7 {[%clk 00:12:31]}
{[%emt 00:00:35]} 33. gxf7 {[%clk 00:28:30]} {[%emt 00:02:42]} Rh8 {[%clk
00:11:56]} {[%emt 00:01:05]} 34. f8=Q+ {[%clk 00:27:26]} {[%emt 00:01:36]} Rxf8
{[%clk 00:12:19]} {[%emt 00:00:06]} 35. Rb4 {[%clk 00:25:41]} {[%emt 00:02:15]}
Bd5 {[%clk 00:10:04]} {[%emt 00:02:45]} 36. Qg3+ {[%clk 00:24:10]} {[%emt
00:02:00]} Kh7 {[%clk 00:10:11]} {[%emt 00:00:24]} 37. Qh4+ {[%clk 00:24:35]}
{[%emt 00:00:05]} Kg7 {[%clk 00:10:33]} {[%emt 00:00:06]} 38. Qg5+ {[%clk
00:25:01]} {[%emt 00:00:05]} Kh7 {[%clk 00:10:58]} {[%emt 00:00:05]} 39. f5
{[%clk 00:25:21]} {[%emt 00:00:11]} 1-0